000 00262nam a22001217a 4500
008 180620b xxu||||| |||| 00| 0 eng d
041 _aeng
080 _a34
100 _a14
101 _aSHJ
245 _aRaporti vjetor
_cGjykata Kushtetuese
942 _2udc
_cBK
999 _c46621
_d46621